Islam, education and science / (Record no. 8561)

MARC details
000 -LEADER
fixed length control field 01221cam a2200361 i 4500
001 - CONTROL NUMBER
control field 17726882
003 - CONTROL NUMBER IDENTIFIER
control field OSt
005 - DATE AND TIME OF LATEST TRANSACTION
control field 20251006113222.0
008 - FIXED-LENGTH DATA ELEMENTS--GENERAL INFORMATION
fixed length control field 130507s2012 ii 000 0 eng
010 ## - LIBRARY OF CONGRESS CONTROL NUMBER
LC control number 2013317674
025 ## - OVERSEAS ACQUISITION NUMBER
Overseas acquisition number I-E-2013-317674; 10-90
035 ## - SYSTEM CONTROL NUMBER
System control number 17726882
037 ## - SOURCE OF ACQUISITION
Source of stock number/acquisition Library of Congress -- New Delhi Overseas Office
040 ## - CATALOGING SOURCE
Original cataloging agency LC
Language of cataloging eng
Transcribing agency LC
Description conventions LC
Modifying agency LC
042 ## - AUTHENTICATION CODE
Authentication code lcode
-- pcc
050 00 - LIBRARY OF CONGRESS CALL NUMBER
Classification number LC903
Item number .I8575 2012
245 00 - TITLE STATEMENT
Title Islam, education and science /
Statement of responsibility, etc. edited by Obaidur Rahman Nadwi.
250 ## - EDITION STATEMENT
Edition statement 1st Edition.
264 #1 - PRODUCTION, PUBLICATION, DISTRIBUTION, MANUFACTURE, AND COPYRIGHT NOTICE
Place of production, publication, distribution, manufacture Malda :
Name of producer, publisher, distributor, manufacturer Mazhar Education and Welfare Society,
Date of production, publication, distribution, manufacture, or copyright notice 2012.
300 ## - PHYSICAL DESCRIPTION
Extent 270 pages ;
Dimensions 21 cm
336 ## - CONTENT TYPE
Content type term text
Source rdacontent
337 ## - MEDIA TYPE
Media type term unmediated
Source rdamedia
338 ## - CARRIER TYPE
Carrier type term volume
Source rdacarrier
650 #0 - SUBJECT ADDED ENTRY--TOPICAL TERM
Topical term or geographic name entry element Islamic education.
9 (RLIN) 1192
650 #0 - SUBJECT ADDED ENTRY--TOPICAL TERM
Topical term or geographic name entry element Muslims
General subdivision Education.
9 (RLIN) 1193
650 #0 - SUBJECT ADDED ENTRY--TOPICAL TERM
Topical term or geographic name entry element Islam and science.
9 (RLIN) 1194
700 1# - ADDED ENTRY--PERSONAL NAME
Personal name Nadwi, Obaidur Rahman.
9 (RLIN) 1195
710 2# - ADDED ENTRY--CORPORATE NAME
Corporate name or jurisdiction name as entry element Mazhar Education and Welfare Society (India)
9 (RLIN) 1196
856 41 - ELECTRONIC LOCATION AND ACCESS
Materials specified Table of contents only
Uniform Resource Identifier <a href="http://www.loc.gov/catdir/toc/fy14pdf02/2013317674.html">http://www.loc.gov/catdir/toc/fy14pdf02/2013317674.html</a>
906 ## - LOCAL DATA ELEMENT F, LDF (RLIN)
a 7
b cbc
c origode
d 3
e ncip
f 20
g y-gencatlg
942 ## - ADDED ENTRY ELEMENTS (KOHA)
Source of classification or shelving scheme Library of Congress Classification
Koha item type Book
Call number prefix LC903
Call number suffix .I8575 2012
Holdings
Withdrawn status Lost status Source of classification or shelving scheme Damaged status Not for loan Home library Current library Shelving location Date acquired Source of acquisition Total Checkouts Full call number Barcode Date last seen Price effective from Koha item type
    Library of Congress Classification     African Development Bank Library (AfDBL) African Development Bank Library (AfDBL) Book Cart 10/06/2025 Purchased   LC903 .I8575 2012 4577 10/06/2025 10/06/2025 Book